000 00390nam a2200169Ia 4500
001 23374
005 20260414150933.0
008 260414t2010||||xx |||||||||||||| ||spa||
041 _aESP
082 _a629.892
_bS714
100 _aSaha, Subir Kumar
_eAUT
245 0 _aIntroducción a la robótica
_b
260 _c2010
650 _aCNM
654 _aCCN
942 _cLIB
_dJUS
_fJUS
_2ddc
_n
999 _c23374
_d23374